Bangladesh and SAARC: (Record no. 1590)

MARC details
000 -LEADER
fixed length control field 007710000a22002170004500
003 - CONTROL NUMBER IDENTIFIER
control field LK-CoMWRAF
008 - FIXED-LENGTH DATA ELEMENTS--GENERAL INFORMATION
fixed length control field 230817t1992 ||||| |||| 00| 0 eng d
020 ## - INTERNATIONAL STANDARD BOOK NUMBER
International Standard Book Number 9840800949
040 ## - CATALOGING SOURCE
Original cataloging agency LK-CoMWRAF
Modifying agency LK-CoMWRAF
Description conventions LK-CoMWRAF
041 ## - LANGUAGE CODE
Language code of text/sound track or separate title English
082 ## - DEWEY DECIMAL CLASSIFICATION NUMBER
Classification number 303.4
Item number BAN
942 ## - ADDED ENTRY ELEMENTS (KOHA)
Koha item type Conference Proceeding
111 ## - MAIN ENTRY--MEETING NAME
Meeting name or jurisdiction name as entry element NATIONAL SEMINAR ON 'BANGLADESH AND SAARC: ISSUES, PERSPECTIVES AND OUTLOOK
Date of meeting (23-24 August 1992)
700 ## - ADDED ENTRY--PERSONAL NAME
Personal name Iftekharuzzaman,
relator term editor
700 ## - ADDED ENTRY--PERSONAL NAME
Personal name Ahmed, Imitiaz
relator term editor
245 ## - TITLE STATEMENT
Title Bangladesh and SAARC:
Remainder of title Issues, Perspective and Outlook
260 ## - PUBLICATION, DISTRIBUTION, ETC. (IMPRINT)
Place of publication, distribution, etc. Dhaka:
Name of publisher, distributor, etc. Academic Publishers,
Date of publication, distribution, etc. 1992
300 ## - PHYSICAL DESCRIPTION
Extent xiii, 350 p. ; 23 cm.
Other physical details Bibliography included
650 ## - SUBJECT ADDED ENTRY--TOPICAL TERM
Topical term or geographic name as entry element South Asian Association for Regional Cooperation--Congresses.
650 ## - SUBJECT ADDED ENTRY--TOPICAL TERM
Topical term or geographic name as entry element BANGLADESH-Relations-South Asia
Holdings
Withdrawn status Lost status Damaged status Not for loan Permanent Location Current Location Date acquired Full call number Barcode Koha item type
        Resource center, Muslim Women's Research And Action Forum Resource center, Muslim Women's Research And Action Forum 2023-08-17 303.4 BAN RAF611 Conference Proceeding

Copyright © 2023 Muslim Women's Research and Action Forum (MWRAF), No 27/3, Anderson Road, Kalubowila, Dehiwela. Funded by The Asia Fundation